Statistics for Countries that cannot be visited with an Israeli stamp

Click here to take the quiz!

General Stats

  • This quiz has been taken 239 times
    (47 since last reset)
  • The average score is 9 of 10

Answer Stats

Country% Correct
Iran
95%
Iraq
93%
Lebanon
93%
Yemen
93%
Syria
91%
Libya
86%
Saudi Arabia
86%
Pakistan
77%
Kuwait
72%
Afghanistan
65%

Score Distribution

Percentile by Number Answered

Percent of People with Each Score

Your Score History

You have not taken this quiz since the last reset